| 000 | 00591nam a2200181 4500 | ||
|---|---|---|---|
| 999 |
_c172121 _d172121 |
||
| 005 | 20201110154746.0 | ||
| 010 | _aEN-127591 | ||
| 020 |
_c599.00 _a9789351951506 |
||
| 035 | _aEN-111123 | ||
| 037 | _bDBAD/PUB | ||
| 082 | _a749.159 | ||
| 100 | _a Viswanathan Anand | ||
| 245 |
_aMind Master: _cWinning Lessons from a Champion's life/ _bby Viswanathan Anand |
||
| 260 |
_aGurugram _bHachette Book Publishing _c2019 |
||
| 270 |
_a4th & 5th Floors, Corporate Centre, Plot no 094, Sec44, _bGurugram _e122003 |
||
| 300 |
_a262p. _c22cm(hb) |
||
| 942 |
_2ddc _cEN _h794.159 _mVIS |
||